|
|
|
|
| LEADER |
02314nam a2200625 i 4500 |
| 001 |
nkc20223418242 |
| 003 |
CZ PrNK |
| 005 |
20220815100340.0 |
| 007 |
ta |
| 008 |
220426s2022 xr abcee f 000 0 cze |
| 015 |
|
|
|a cnb003418242
|
| 020 |
|
|
|a 978-80-11-01457-5
|q (brožováno)
|
| 035 |
|
|
|a (OCoLC)1344358962
|
| 040 |
|
|
|a BOA001
|b cze
|d ABA001
|e rda
|
| 041 |
0 |
|
|a cze
|b eng
|b ger
|b pol
|
| 043 |
|
|
|a e-xr---
|b e-xr-mo
|2 czenas
|
| 072 |
|
7 |
|a 72
|x Architektura
|2 Konspekt
|9 21
|
| 080 |
|
|
|a 728.82
|2 MRF
|
| 080 |
|
|
|a 712.26:728.82
|2 MRF
|
| 080 |
|
|
|a (437.326)
|2 MRF
|
| 080 |
|
|
|a (036)
|2 MRF
|
| 080 |
|
|
|a (084.12)
|2 MRF
|
| 100 |
1 |
|
|a Rosová, Romana,
|d 1972-
|7 mzk2011665547
|4 aut
|
| 245 |
1 |
0 |
|a Paskov :
|b zámek a park /
|c Romana Rosová, Alena Halamíčková
|
| 250 |
|
|
|a Vydání první
|
| 264 |
|
1 |
|a Paskov :
|b město Paskov,
|c 2022
|
| 300 |
|
|
|a 219 stran :
|b ilustrace (převážně barevné), mapy, portréty, plány, faksimile, erby ;
|c 23 cm +
|e 1 plán (45 x 62 cm složeno na 23 x 15 cm)
|
| 336 |
|
|
|a text
|b txt
|2 rdacontent
|
| 336 |
|
|
|a statický obraz
|b sti
|2 rdacontent
|
| 337 |
|
|
|a bez média
|b n
|2 rdamedia
|
| 338 |
|
|
|a svazek
|b nc
|2 rdacarrier
|
| 500 |
|
|
|a Plán částečně vlepen na přídeští
|
| 500 |
|
|
|a Chronologický přehled
|
| 500 |
|
|
|a Terminologický slovník
|
| 504 |
|
|
|a Obsahuje bibliografii
|
| 546 |
|
|
|a Anglické, německé a polské resumé
|
| 610 |
2 |
7 |
|a Paskov (zámek)
|7 osa2017948494
|2 czenas
|
| 650 |
0 |
7 |
|a zámky
|7 ph127734
|z Česko
|2 czenas
|
| 650 |
0 |
7 |
|a zámky
|7 ph127734
|x dějiny
|2 czenas
|
| 650 |
0 |
7 |
|a zámecké parky
|7 ph116799
|z Česko
|2 czenas
|
| 650 |
0 |
9 |
|a chateaux
|z Czechia
|2 eczenas
|
| 650 |
0 |
9 |
|a chateaux
|x history
|2 eczenas
|
| 650 |
0 |
9 |
|a chateau parks
|z Czechia
|2 eczenas
|
| 651 |
|
7 |
|a Paskovský park (Paskov, Česko)
|7 ge1158576
|2 czenas
|
| 651 |
|
9 |
|a Park Paskov (Paskov, Czechia)
|2 eczenas
|
| 655 |
|
7 |
|a průvodce
|7 fd133154
|2 czenas
|
| 655 |
|
7 |
|a fotografické publikace
|7 fd132276
|2 czenas
|
| 655 |
|
9 |
|a guidebooks
|2 eczenas
|
| 655 |
|
9 |
|a photographical works
|2 eczenas
|
| 700 |
1 |
|
|a Halamíčková, Alena,
|d 1957-
|7 jo20221159099
|4 aut
|4 pht
|
| 910 |
2 |
|
|a BOA001
|b 2-1491.542
|
| 990 |
|
|
|a BK
|
| 995 |
|
|
|a 01
|
| 991 |
|
|
|b 202208
|c NOV
|
| 996 |
6 |
|
|b 2610910959
|c 2-1491.542
|l MZK
|r Sklad / do 1 hodiny
|n 2
|p p.v.
|w 001894880
|u 000010
|a 1
|e BOA001
|j MZK50
|s P
|